| 000 | 01244cam a2200373 a 4500 | ||
|---|---|---|---|
| 001 | 12266668 | ||
| 003 | OSt | ||
| 005 | 20140310184318.0 | ||
| 008 | 001228s2001 nyu c 000 1 eng | ||
| 010 | _a 00140086 | ||
| 020 | _a0439440548 (alk. paper) | ||
| 040 |
_aDLC _cDLC _dDLC |
||
| 042 | _alcac | ||
| 050 | 0 | 0 |
_aPZ 7 _b.L58 2002 |
| 100 | 1 |
_aLevitin, Sonia, _d1934- _923504 |
|
| 245 | 1 | 0 |
_aClem's chances / _cSonia Levitin. |
| 250 | _a1st ed. | ||
| 260 |
_aNew York : _bOrchard Books, _c2002. |
||
| 300 |
_a199 p. ; : _c22 cm. |
||
| 521 | _aG5 | ||
| 526 | _c770 | ||
| 650 | 0 |
_aOverland journeys to the Pacific _vJuvenile fiction. _923505 |
|
| 650 | 1 |
_aOverland journeys to the Pacific _vFiction. _923506 |
|
| 650 | 1 |
_aFrontier and pioneer life _vFiction. _923507 |
|
| 650 | 1 |
_aPony express _vFiction. _923508 |
|
| 650 | 1 |
_aSlavery _vFiction. _923509 |
|
| 650 | 1 |
_aMormons _vFiction. _923510 |
|
| 651 | 1 |
_aWest (U.S.) _vFiction. _923511 |
|
| 906 |
_a7 _bcbc _corignew _d1 _eocip _f20 _gy-gencatlg |
||
| 942 |
_2lcc _cBK-SCHOLAS |
||
| 999 |
_c33579 _d33579 |
||